Nitya pooja: Akhir khyom, kaise aur khya/ (Record no. 31615)

000 -LEADER
fixed length control field 00492nam a22001691a 4500
020 ## - INTERNATIONAL STANDARD BOOK NUMBER
ISBN 9788190270403
082 ## - DEWEY DECIMAL CLASSIFICATION NUMBER
Classification number S 294.5
Item number DHA/N
100 ## - MAIN ENTRY--AUTHOR NAME
Personal name Dharmesh Kumar Chitowdhi
100 ## - MAIN ENTRY--AUTHOR NAME
Personal name Naveen Chitowdhi
100 ## - MAIN ENTRY--AUTHOR NAME
Personal name Gurjeet Singh Sandhu
245 ## - TITLE STATEMENT
Title Nitya pooja: Akhir khyom, kaise aur khya/
Statement of responsibility, etc by Dharmesh Kumar Chitowdhi, Naveen Chitowdhi and Gurjeet Singh Sandhu
260 ## - PUBLICATION, DISTRIBUTION, ETC. (IMPRINT)
Place of publication Delhi:
Name of publisher Ratna Kripa,
Year of publication 2005.
300 ## - PHYSICAL DESCRIPTION
Number of Pages 222p.
650 ## - SUBJECT ADDED ENTRY--TOPICAL TERM
Topical Term Hinduism
650 ## - SUBJECT ADDED ENTRY--TOPICAL TERM
Topical Term Religion
942 ## - ADDED ENTRY ELEMENTS (KOHA)
Koha item type Book
Holdings
Withdrawn status Lost status Damaged status Not for loan Permanent Location Current Location Date acquired Cost, normal purchase price Full call number Accession Number Cost, replacement price Price effective from Koha item type
        Sree Sankaracharya University of Sanskrit Sree Sankaracharya University of Sanskrit 08.01.2015 150.00 S 294.5 DHA/N 051800 0.00 08.01.2015 Book